00643nam a22001937a 450000500170000001000150001702000270003202000240005903500140008303700130009708200150011010000170012524501020014226000450024427000570028930000310034650000500037770000220042720171012151033.0 aENG-120989 c1599.00a9789350183847 c1599.00a9350183846 aEN-104521 bDBAD/PUB a307.760954 aJain, A. K.  aRevisiting land acquisition and urban process /cA. K. Jain [and] foreworded by Suresh, P. Prabhu aNew DelhibReadworthy Publicationsc2014 aD-1, Mohan Garden Near AbhinandanbNew Delhie110059 axxi,388p.c22.5cm(Hb)bill aIncludes bibliographical references and index aSuresh, P. Prabhu